Привидение - это к счастью (Запись № 10915006)
[ простой вид ]
| 000 -МАРКЕР | |
|---|---|
| контрольное поле | 01828nam0a2200361 4500 |
| 001 - ИДЕНТИФИКАТОР ЗАПИСИ | |
| контрольное поле | RU\NLR\BIBL_A\011907162 |
| 005 - ИДЕНТИФИКАТОР ВЕРСИИ | |
| контрольное поле | 20190123111225.0 |
| 010 ## - МЕЖДУНАРОДНЫЙ СТАНДАРТНЫЙ НОМЕР КНИГИ (ISBN) | |
| Номер (ISBN) | 978-5-00108-399-3 |
| Тираж | 3000 |
| 021 ## - НОМЕР ГОСУДАРСТВЕННОЙ РЕГИСТРАЦИИ | |
| Код страны | Российская Федерация |
| Номер | КН-П-18-093046 |
| Номер Листа государственной регистраци | КН-П-18-6745 |
| 035 ## - ДРУГИЕ СИСТЕМНЫЕ НОМЕРА | |
| Идентификатор записи | (NLR Aleph) 011907162 |
| 035 ## - ДРУГИЕ СИСТЕМНЫЕ НОМЕРА | |
| Идентификатор записи | (RuMoRGB)009829647 |
| 100 ## - ДАННЫЕ ОБЩЕЙ ОБРАБОТКИ | |
| Данные общей обработки | 20190111d2019 d y0rusy50 ca |
| 101 0# - ЯЗЫК РЕСУРСА | |
| Язык текста, звукозаписи и т.д. | русский |
| 102 ## - СТРАНА ПУБЛИКАЦИИ ИЛИ ПРОИЗВОДСТВА | |
| Страна публикации | Российская Федерация |
| 105 ## - ПОЛЕ КОДИРОВАННЫХ ДАННЫХ: ТЕКСТОВЫЕ МАТЕРИАЛЫ, МОНОГРАФИЧЕСКИЕ | |
| Кодированные данные о монографическом текстовом документе | |||z|||000 y |
| 200 1# - ЗАГЛАВИЕ И СВЕДЕНИЯ ОБ ОТВЕТСТВЕННОСТИ | |
| Основное заглавие | Привидение - это к счастью |
| Сведения, относящиеся к заглавию | [детективная история + дневник следователя |
| -- | для среднего школьного возраста] |
| Первые сведения об ответственности | Светлана Лаврова, Ольга Колпакова |
| Последующие сведения об ответственности | рисунки Елены Кузнецовой |
| 210 ## - ПУБЛИКАЦИЯ, РАСПРОСТРАНЕНИЕ И ДР. | |
| Место издания, распространения и т.д. | Москва |
| Имя издателя, распространителя и т. д. | Издательский Дом Мещерякова |
| Дата издания, распространения и т.д. | 2019 [т.е. 2018] |
| 215 ## - ФИЗИЧЕСКАЯ ХАРАКТЕРИСТИКА | |
| Специфическое обозначение материала и объем | 170, [5] с. |
| Другие сведения о физической характеристике | ил. |
| Размеры | 22 |
| 225 1# - СЕРИЯ | |
| Основное заглавие серии | Детективная история |
| Обозначение тома | 6 |
| 225 1# - СЕРИЯ | |
| Основное заглавие серии | Серия "Детективное агентство "Соседи" |
| 300 ## - ОБЩИЕ ПРИМЕЧАНИЯ | |
| Текст примечания | Кн. фактически изд. в 2018 г. |
| 333 ## - ПРИМЕЧАНИЯ ОБ ОСОБЕННОСТЯХ РАСПРОСТРАНЕНИЯ И ИСПОЛЬЗОВАНИЯ | |
| Текст примечания | 12+ |
| 686 0# - ИНДЕКСЫ ДРУГИХ КЛАССИФИКАЦИЙ | |
| Индекс | Ш9(2)62=Р7-4 |
| 700 #1 - ИМЯ ЛИЦА - ПЕРВИЧНАЯ ОТВЕТСТВЕННОСТЬ | |
| Графика поля | Кириллица |
| Материалы, к которым относится поле | rus |
| Начальный элемент ввода | Лаврова |
| Часть имени, кроме начального элемента ввода | С. А. |
| Дополнения к именам, кроме дат | канд. мед. наук, писатель |
| Даты | 1964- |
| Расширение инициалов личного имени | Светлана Аркадьевна |
| Системный номер авторитетной/нормативной записи | 8967 |
| Идентификатор авторитетной/нормативной записи | RU\NLR\AUTH\7725922 |
| 701 #1 - ИМЯ ЛИЦА - АЛЬТЕРНАТИВНАЯ ОТВЕТСТВЕННОСТЬ | |
| Графика поля | Кириллица |
| Материалы, к которым относится поле | rus |
| Начальный элемент ввода | Колпакова |
| Часть имени, кроме начального элемента ввода | О. В. |
| Даты | 1972- |
| Расширение инициалов личного имени | Ольга Валериевна |
| Системный номер авторитетной/нормативной записи | 66263 |
| Идентификатор авторитетной/нормативной записи | RU\NLR\AUTH\7783335 |
| 702 #1 - ИМЯ ЛИЦА - ВТОРИЧНАЯ ОТВЕТСТВЕННОСТЬ | |
| Код отношения | Карикатурист, Художник |
| Графика поля | Кириллица |
| Материалы, к которым относится поле | rus |
| Начальный элемент ввода | Кузнецова |
| Часть имени, кроме начального элемента ввода | Е. Д. |
| Дополнения к именам, кроме дат | художник-иллюстратор, дет. литература |
| Даты | 1961- |
| Расширение инициалов личного имени | Елена Дмитриевна |
| Системный номер авторитетной/нормативной записи | 41957 |
| Идентификатор авторитетной/нормативной записи | RU\NLR\AUTH\7759025 |
| 942 ## - ДОПОЛНИТЕЛЬНЫЕ ЭЛЕМЕНТЫ ЗАПИСИ (АБИС) | |
| Тип экземпляра АБИС | Книга |
| 980 ## - КОЛЛЕКЦИЯ | |
| Название коллекции | НБР |
| 980 ## - КОЛЛЕКЦИЯ | |
| Название коллекции | Национальная библиография |
Нет доступных экземпляров.